00420 2200169 4500001002100000005001500021035002000036245003900056100001700095250001700112300002800129260003500157082001000192084001600202020001800218600001400236INLIS00000000000086120250110092624 a0010-01250000341 aMerokok Itu Konyol /cBambang Trim0 aBambang Trim acetakan ke-1 a36 hlm :bIlus ;c25 cm aJakarta :bGaneca exact,c2006 a613.8 a613.8 BAM m a979-744-505-4 4akesehatan